00514nam a2200205Ia 4500008004100000020001800041050001400059100002000073245001700093245003500110245004700145260001500192260001600207260000900223300001500232300002700247300001000274440001600284500000800300170918s9999 xx 000 0 und d a9780545199070 bA237 2008 aAdler, David A. aCam Jansen : band the green school mystery / cDavid A. Adler ; illustrated by Joy Allen. aNew York : bScholastic, c2008 a56 pages : bcolored illustration ; c19cm. aCam Jansen. a490